Bezpečnostný sektor, verejná mienka a médiá vybrané sociologické aspekty
Bezpečnostný sektor ako predmet záujmu verejnej mienky a médií. Analýza pohľadu verejnosti na vojenstvo a bezpečnosť. Východiská sociologickej analýzy masového pohľadu na bezpečnosť. Bezpečnostné problémy sveta, spoločnosti a jednotlivca v slovenských médiách.
Salvato in:
| Autore principale: | |
|---|---|
| Natura: | Capitolo di libro |
| Lingua: | slovacco |
| Soggetti: | |
| Tags: |
Nessun Tag, puoi essere il primo ad aggiungerne!!
|
MARC
| LEADER | 00000naa$a2200000$$$4500 | ||
|---|---|---|---|
| 001 | 0052938 | ||
| 005 | 20240502071617.9 | ||
| 041 | 0 | |a slo | |
| 044 | |a SK | ||
| 245 | 1 | 0 | |a Bezpečnostný sektor, verejná mienka a médiá |b vybrané sociologické aspekty |c František Škvrnda |
| 520 | |a Bezpečnostný sektor ako predmet záujmu verejnej mienky a médií. Analýza pohľadu verejnosti na vojenstvo a bezpečnosť. Východiská sociologickej analýzy masového pohľadu na bezpečnosť. Bezpečnostné problémy sveta, spoločnosti a jednotlivca v slovenských médiách. | ||
| 610 | 2 | 0 | |a bezpečnosť |
| 610 | 2 | 0 | |a vojenstvo |
| 610 | 2 | 0 | |a systémy bezpečnostné |
| 610 | 2 | 0 | |a mienka verejná |
| 610 | 2 | 0 | |a médiá |
| 610 | 2 | 0 | |a mediácia |
| 610 | 2 | 0 | |a spoločnosť |
| 610 | 2 | 0 | |a mladiství |
| 100 | 1 | |a Škvrnda, František | |